000 01070nam a22002657a 4500
001 BD-DhSAU
003 BD-DhSAU
005 20250720151024.0
008 150420b2005 bg ||||| m||| 00| 0 eng d
040 _aBD-DhSAU
082 _222
_a635
_bSu779
100 _aSUROVI, ZARIN TASNIM
_eRegistration No. # 15-06754
245 _aFertilizer management practices on growth andyield of bok choy /
_bMS thesis
260 _aSher-e-Bangla Agricultural Uniersity :
_bDepartment of Horticulture,
_c2022.
300 _avii, 72p. ;
_c30 cm.
500 _aMS thesis of Department of Horticulture, Faculty of Agriculture, Sher-e-Bangla Agricultural University, Dhaka, Bangladesh
504 _aIncludes bibliographical reference.
590 _aNazmul
650 _afertilizer management practices
651 _agrowth and yield of bok choy
700 _aProf. Dr. A Hasnat M Solaiman
_eSuperviser
700 _aProf. Dr. Jasim Uddain
_eCo-superviser
856 _uhttp://archive.saulibrary.edu.bd:8080/xmlui/handle/123456789/5391
942 _2ddc
_cTHESIS
999 _c17586
_d17585